[Event "Washington International 2012"]
[Site "Rockville USA"]
[Date "2012.07.28"]
[Round "2.16"]
[White "Barnett,A"]
[Black "Mulyar,M"]
[Result "1/2-1/2"]
[BlackTitle "IM"]
[WhiteElo "2243"]
[BlackElo "2386"]
[WhiteFideId "2019906"]
[BlackFideId "2008742"]
[EventDate "2012.07.28"]

1. e4 e5 2. Nf3 Nc6 3. Bb5 a6 4. Ba4 Nf6 5. O-O b5 6. Bb3 Bc5 7. c3 d6 8. d4 Bb6
9. Be3 O-O 10. Nbd2 Bb7 11. Qe2 h6 12. d5 Ne7 13. Bxb6 cxb6 14. Ne1 Nd7 15. Nd3
Nc5 16. Nxc5 bxc5 17. a4 Qd7 18. axb5 axb5 19. c4 bxc4 20. Bxc4 f5 21. f3 Ng6
22. g3 f4 23. g4 Rfb8 24. Bb5 Qc7 25. Ra3 Qb6 26. Qc4 Ne7 27. Rb3 Qa5 28. Nb1
Ba6 29. Nc3 Qb6 30. Ra1 Kh7 31. Raa3 Bxb5 32. Rxb5 Rxa3 33. bxa3 Qa6 34. a4 Nc8
35. Qe2 Ra8 36. Kf1 Nb6 37. Rb3 Qxe2+ 38. Kxe2 Nxa4 39. Nxa4 Rxa4 40. Rb6 Ra2+
41. Ke1 Ra3 1/2-1/2

[Event "Washington International 2012"]
[Site "Rockville USA"]
[Date "2012.07.28"]
[Round "2.17"]
[White "Rosen,E"]
[Black "Zenyuk,I"]
[Result "0-1"]
[WhiteTitle "FM"]
[BlackTitle "CM"]
[WhiteElo "2328"]
[BlackElo "2242"]
[WhiteFideId "2032562"]
[BlackFideId "2022966"]
[EventDate "2012.07.28"]

1. c4 g6 2. Nc3 Bg7 3. d4 Nf6 4. e4 d6 5. Be2 O-O 6. Bg5 h6 7. Be3 Nbd7 8. Qd2
Kh7 9. g4 c5 10. d5 b5 11. cxb5 a6 12. f3 Ne5 13. Nh3 axb5 14. Nxb5 Nexg4 15.
fxg4 Nxe4 16. Qc2 Qa5+ 17. Kf1 Bxg4 18. Bxg4 Qxb5+ 19. Be2 Qxb2 20. Qxb2 Bxb2
21. Rb1 Rxa2 22. Bc4 Ra3 23. Rxb2 Rxe3 24. Nf2 Ra8 25. Kg2 Nxf2 26. Rxf2 Kg7 27.
Rhf1 f6 28. Bb5 Ra7 29. Rd2 Rb3 30. Be2 Rab7 31. Ba6 Rb2 32. Rff2 Rxd2 33. Rxd2
Rb8 34. Rd3 Kf7 35. Re3 Rb2+ 36. Kg3 Rb8 37. h4 h5 38. Be2 Rb4 39. Ba6 Rg4+ 40.
Kh3 Rd4 41. Be2 Kf8 42. Bf3 f5 43. Re2 c4 44. Rc2 Kg7 45. Kg3 Kf6 46. Re2 c3 47.
Rc2 Rc4 48. Be2 Rc5 49. Kf4 Rxd5 50. Rxc3 e5+ 51. Kg3 Rd2 52. Ba6 Rd4 53. Be2
f4+ 54. Kf2 e4 55. Rc8 Rd2 56. Ke1 Rb2 57. Rf8+ Ke5 58. Rg8 f3 59. Bd1 Rg2 60.
Kf1 Kf4 61. Rd8 Rd2 62. Ke1 Rd4 63. Rf8+ Ke3 64. Be2 Rb4 65. Bxf3 exf3 66. Re8+
Re4 67. Rg8 f2+ 68. Kf1 Rxh4 69. Re8+ Re4 70. Rf8 Rf4 71. Re8+ Kd4 72. Re6 g5
73. Rxd6+ Ke5 74. Ra6 Kf5 75. Rh6 h4 76. Rh8 Kg4 77. Rh7 h3 0-1

[Event "Washington International 2012"]
[Site "Rockville USA"]
[Date "2012.07.28"]
[Round "2.18"]
[White "Zimmer,Ra"]
[Black "Azarov,S"]
[Result "0-1"]
[WhiteTitle "FM"]
[BlackTitle "GM"]
[WhiteElo "2202"]
[BlackElo "2658"]
[WhiteFideId "2001217"]
[BlackFideId "13501470"]
[EventDate "2012.07.28"]

1. d4 Nf6 2. Nf3 g6 3. Bg5 Bg7 4. Nbd2 d5 5. e3 O-O 6. Bd3 c5 7. c3 Qb6 8. Qb1
Nc6 9. O-O Nd7 10. Re1 Re8 11. b4 cxb4 12. c4 dxc4 13. Nxc4 Qd8 14. Qb3 Nf8 15.
a3 Be6 16. Qb1 a5 17. Rc1 Rc8 18. Ncd2 h6 19. Bh4 Qb6 20. Rc5 Nxd4 21. exd4 Rxc5
22. dxc5 Qd8 23. Bb5 Bxa1 24. Qxa1 Bd7 25. Bc4 Qc7 26. axb4 axb4 27. Qc1 Be6 28.
Ne4 Rd8 29. Nfd2 Bxc4 30. Qxc4 Qe5 31. Qxb4 Rxd2 32. Qxd2 Qxe4 0-1

[Event "Washington International 2012"]
[Site "Rockville USA"]
[Date "2012.07.28"]
[Round "2.21"]
[White "Kaufman,La"]
[Black "Ryba,Andrew"]
[Result "1/2-1/2"]
[WhiteTitle "GM"]
[WhiteElo "2382"]
[BlackElo "2162"]
[WhiteFideId "2000555"]
[BlackFideId "2034603"]
[EventDate "2012.07.28"]

1. d4 Nf6 2. c4 e6 3. Nc3 Bb4 4. e3 b6 5. Ne2 Ba6 6. a3 Bxc3+ 7. Nxc3 d5 8. Qa4+
Qd7 9. Qxd7+ Nbxd7 10. b3 c5 11. a4 O-O 12. Nb5 Bb7 13. Bb2 a6 14. Nc3 Rfe8 15.
O-O-O Rec8 16. Kb1 cxd4 17. exd4 dxc4 18. bxc4 Ne4 19. Nxe4 Bxe4+ 20. Ka1 Bc2
21. Rc1 Bxa4 22. Be2 Bc6 23. Rhd1 Bb7 24. Rc3 b5 25. d5 exd5 26. Rg3 g6 27. cxd5
Re8 28. Bg4 Ne5 29. Bh3 Nc4 30. d6 Nxb2 31. Kxb2 Re2+ 32. Ka1 Rd8 33. d7 Kf8 34.
Rc3 Ke7 35. Rc7 Be4 36. f3 Bf5 37. Bxf5 gxf5 38. Ra7 Re6 39. Rd5 Rd6 40. Rxd6
Kxd6 41. Rxa6+ Kc5 42. Rh6 Rxd7 43. Rxh7 Kc4 44. Kb2 Rd2+ 45. Kc1 Rxg2 46. Rxf7
Rxh2 47. Rxf5 b4 48. Re5 Rf2 49. Re3 b3 50. Re8 Rxf3 51. Rc8+ Kb4 52. Rb8+ Kc4 1/2-1/2

[Event "Washington International 2012"]
[Site "Rockville USA"]
[Date "2012.07.28"]
[Round "2.25"]
[White "Chevannes,S"]
[Black "Thompson,I"]
[Result "1/2-1/2"]
[WhiteTitle "WFM"]
[BlackTitle "FM"]
[WhiteElo "2090"]
[BlackElo "2243"]
[WhiteFideId "411280"]
[BlackFideId "405205"]
[EventDate "2012.07.28"]

1. d4 d5 2. Nf3 Nf6 3. e3 c5 4. b3 Nc6 5. Bb2 cxd4 6. Nxd4 e6 7. Be2 Bb4+ 8. c3
Bd6 9. Nxc6 bxc6 10. Nd2 O-O 11. O-O e5 12. c4 Qe7 13. Qc2 Bb7 14. Rfe1 Rac8 15.
Rac1 Rfd8 16. h3 Bb8 17. c5 e4 18. b4 a5 19. bxa5 Rc7 20. a6 Bc8 21. Rb1 Nd7 22.
Bd4 Ba7 23. Rb6 Nf8 24. Reb1 Ng6 25. f4 exf3 26. Nxf3 f5 27. Bd3 Rf8 28. R6b3
Qe8 29. Re1 Re7 30. Qc3 f4 31. Bxg6 Qxg6 32. exf4 Rxe1+ 33. Qxe1 Rxf4 34. Ne5
Qe8 35. Qd2 Re4 36. Re3 Bxa6 37. Rxe4 dxe4 38. Qa5 Bb8 39. Qxa6 Bxe5 40. Be3 Qd7
41. Qc4+ Kh8 42. Qxe4 Qd1+ 43. Kf2 Qa1 44. a4 Qa2+ 45. Kf3 Qf7+ 46. Ke2 Bc3 47.
Qf4 Qe8 48. Kf2 h6 49. Qf3 Qe6 50. Qf4 Qa2+ 51. Kf3 1/2-1/2

[Event "Washington International 2012"]
[Site "Rockville USA"]
[Date "2012.07.28"]
[Round "2.27"]
[White "Adu,O"]
[Black "Yagiz,B"]
[Result "1-0"]
[WhiteTitle "IM"]
[WhiteElo "2222"]
[BlackElo "1909"]
[WhiteFideId "8500258"]
[BlackFideId "2026651"]
[EventDate "2012.07.28"]

1. e4 d5 2. exd5 Qxd5 3. Nc3 Qa5 4. d4 c6 5. Nf3 Nf6 6. Bc4 Bg4 7. h3 Bh5 8. g4
Bg6 9. Ne5 e6 10. h4 Be4 11. Rh3 Bd5 12. Bd2 Qc7 13. Bd3 Nfd7 14. Qe2 Nxe5 15.
dxe5 Nd7 16. f4 O-O-O 17. O-O-O Bb4 18. Nb1 c5 19. c3 c4 20. Bc2 Be7 21. b4 b5
22. Be3 a5 23. a3 axb4 24. cxb4 f5 25. gxf5 Nxe5 26. fxe5 Qxe5 27. Qf2 Qa1 28.
Bd4 Qa2 29. Bb2 Bf6 30. Qc5+ Kb7 31. Qxb5+ Kc8 32. Bxf6 gxf6 33. fxe6 1-0

[Event "Washington International 2012"]
[Site "Rockville USA"]
[Date "2012.07.29"]
[Round "3.1"]
[White "Foisor,O"]
[Black "Gareev,T"]
[Result "0-1"]
[WhiteTitle "IM"]
[BlackTitle "GM"]
[WhiteElo "2381"]
[BlackElo "2658"]
[WhiteFideId "1200143"]
[BlackFideId "14200937"]
[EventDate "2012.07.28"]

1. c4 c5 2. g3 g6 3. Bg2 Bg7 4. Nc3 Nc6 5. d3 d6 6. a3 Nf6 7. Rb1 a5 8. Bd2 Bd7
9. Qc1 h5 10. h4 a4 11. Qd1 Na5 12. Nh3 Ra7 13. Nxa4 Nxc4 14. dxc4 Rxa4 15. Bxb7
Rxc4 16. b3 Rd4 17. e3 Rg4 18. Bc3 O-O 19. Ng5 d5 20. Bxf6 exf6 21. Nh3 Be6 22.
Nf4 Rxf4 23. gxf4 f5 24. b4 cxb4 25. Qd3 Qc7 26. Ba6 bxa3 27. Qxa3 Bc3+ 28. Ke2
d4 29. Bd3 Bd5 30. Rhc1 Ra8 31. Qb4 Qd8 32. Rxc3 dxc3 33. Qxc3 Qxh4 34. Qe5 Bf3+
35. Ke1 Kh7 36. Qc7 Bd5 37. Qe5 Qh1+ 38. Kd2 Qf3 39. Kc3 Ra3+ 0-1

[Event "Washington International 2012"]
[Site "Rockville USA"]
[Date "2012.07.29"]
[Round "3.3"]
[White "Sarkar,J"]
[Black "Foisor,S"]
[Result "1-0"]
[WhiteTitle "IM"]
[BlackTitle "WGM"]
[WhiteElo "2396"]
[BlackElo "2356"]
[WhiteFideId "2010011"]
[BlackFideId "1212915"]
[EventDate "2012.07.28"]

1. d4 d5 2. c4 c6 3. Nf3 Nf6 4. Nc3 a6 5. c5 Bf5 6. Nh4 Bg6 7. Bf4 Nbd7 8. Nxg6
hxg6 9. h3 e5 10. dxe5 Nh5 11. Bh2 Bxc5 12. e3 Qe7 13. g4 Nxe5 14. gxh5 Rxh5 15.
Qe2 Nc4 16. O-O-O b5 17. Qc2 Nb6 18. Be2 Rf5 19. Bf4 d4 20. Ne4 Rd8 21. Bg4 d3
22. Rxd3 Rxd3 23. Qxd3 Rd5 24. Qc2 f5 25. Nc3 fxg4 26. Nxd5 Nxd5 27. Qxg6+ Kd7
28. Qf5+ Qe6 29. Qxe6+ Kxe6 30. hxg4 Nxf4 31. exf4 Bxf2 32. Kd2 c5 33. Kd3 a5
34. b3 Bd4 35. Ke4 Bb2 36. Rh2 Ba3 37. g5 Bb4 38. f5+ Kd6 39. f6 gxf6 40. g6 Ke6
41. Rg2 f5+ 42. Kd3 c4+ 43. bxc4 bxc4+ 44. Kxc4 1-0

[Event "Washington International 2012"]
[Site "Rockville USA"]
[Date "2012.07.29"]
[Round "3"]
[White "Hunt,A"]
[Black "Ostrovskiy,Al"]
[Result "1/2-1/2"]
[WhiteTitle "IM"]
[BlackTitle "FM"]
[WhiteElo "2447"]
[BlackElo "2351"]
[WhiteFideId "403970"]
[BlackFideId "2034239"]
[EventDate "2012.07.28"]

1. e4 c6 2. d4 d5 3. exd5 cxd5 4. c4 Nf6 5. Nc3 g6 6. Qb3 Bg7 7. cxd5 O-O 8. Be2
Nbd7 9. Bf3 Nb6 10. Nge2 Bg4 11. Bxg4 Nxg4 12. O-O Nf6 13. Nf4 Qd7 14. a4 Rfd8
15. d6 Qxd6 16. Nb5 Qd7 17. Nxa7 Rxa7 18. Qxb6 Ra6 19. Qb4 Rd6 20. Ne2 Nd5 21.
Qb3 Rb6 22. Qf3 Nb4 23. Qb3 Qd5 24. Qxd5 Nxd5 25. a5 Ra6 1/2-1/2

[Event "Washington International 2012"]
[Site "Rockville USA"]
[Date "2012.07.29"]
[Round "3"]
[White "Bartell,T"]
[Black "Foisor,M"]
[Result "1-0"]
[WhiteTitle "FM"]
[BlackTitle "WIM"]
[WhiteElo "2410"]
[BlackElo "2220"]
[WhiteFideId "2017849"]
[BlackFideId "2270757"]
[EventDate "2012.07.28"]

1. Nf3 d5 2. d4 Nf6 3. c4 dxc4 4. e3 e6 5. Bxc4 c5 6. O-O a6 7. dxc5 Qxd1 8.
Rxd1 Bxc5 9. Nbd2 Nbd7 10. Be2 O-O 11. Nc4 b5 12. Nd6 Nb6 13. Ne5 Nfd5 14. Ne4
Be7 15. Nc6 Bb7 16. Nxe7+ Nxe7 17. Nc5 Bc6 18. b3 Rfc8 19. e4 a5 20. Be3 a4 21.
f3 axb3 22. axb3 Rxa1 23. Rxa1 Na8 24. Ra3 Nc7 25. Bf4 h6 26. Ra7 e5 27. Be3 1-0

[Event "Washington International 2012"]
[Site "Rockville USA"]
[Date "2012.07.29"]
[Round "3"]
[White "Gelashvili,T"]
[Black "Black,James A"]
[Result "1-0"]
[WhiteTitle "GM"]
[WhiteElo "2604"]
[BlackElo "2232"]
[WhiteFideId "13600702"]
[BlackFideId "2048280"]
[EventDate "2012.07.28"]

1. d4 d5 2. Nf3 c6 3. Bf4 Bf5 4. e3 e6 5. c4 Nd7 6. Nc3 Ngf6 7. Qb3 Qb6 8. c5
Qxb3 9. axb3 a6 10. b4 Rc8 11. h3 Be7 12. Nd2 Bd8 13. Nb3 Bc7 14. Bxc7 Rxc7 15.
b5 O-O 16. b6 Rcc8 17. Na5 Rb8 18. Bxa6 bxa6 19. Nxc6 Rb7 20. Rxa6 Nb8 21. Nxb8
Rbxb8 22. Kd2 Rfc8 23. b4 Ne4+ 24. Nxe4 Bxe4 25. b5 Kf8 26. f3 Bg6 27. c6 f6 28.
b7 Re8 29. Ra7 1-0

[Event "Washington International 2012"]
[Site "Rockville USA"]
[Date "2012.07.29"]
[Round "3"]
[White "Wang,K"]
[Black "Schuyler,J"]
[Result "1-0"]
[BlackTitle "FM"]
[WhiteElo "2186"]
[BlackElo "2345"]
[WhiteFideId "2008424"]
[BlackFideId "2001861"]
[EventDate "2012.07.28"]

1. e4 Nc6 2. Nf3 d6 3. d4 Nf6 4. Nc3 g6 5. Be3 Bg7 6. Qd2 O-O 7. Be2 a6 8. d5
Nb8 9. a4 c6 10. a5 Nbd7 11. O-O Qc7 12. Rfe1 Nc5 13. Bxc5 dxc5 14. dxc6 bxc6
15. Bc4 Rb8 16. e5 Ng4 17. Qe2 Rxb2 18. h3 Nh6 19. Bb3 c4 20. Na4 cxb3 21. Nxb2
bxc2 22. Qxc2 Be6 23. Nd3 Bd5 24. Nd4 Rd8 25. Qc5 Nf5 26. Nxf5 gxf5 27. Qb6 Qxb6
28. axb6 Rb8 29. Rxa6 Bc4 30. Ra3 e6 31. Nc5 Bf8 32. Nd7 Bxa3 33. Nxb8 Bd5 34.
b7 c5 35. Nc6 1-0

[Event "Washington International 2012"]
[Site "Rockville USA"]
[Date "2012.07.29"]
[Round "3"]
[White "Hess,Peter"]
[Black "Tuhrim,R"]
[Result "1/2-1/2"]
[WhiteElo "1921"]
[BlackElo "2268"]
[WhiteFideId "2055066"]
[BlackFideId "2026350"]
[EventDate "2012.07.28"]

1. d4 Nf6 2. c4 c5 3. d5 d6 4. Nc3 g6 5. g3 Bg7 6. Bg2 O-O 7. Nf3 e6 8. O-O exd5
9. cxd5 a6 10. a4 Re8 11. h3 Nbd7 12. Bf4 Nh5 13. Bg5 Qc7 14. Qc2 Rb8 15. a5 b5
16. axb6 Nxb6 17. g4 Nf6 18. e4 h5 19. gxh5 Nxh5 20. Nd2 f6 21. Be3 f5 22. Bg5
Be5 23. f4 Bd4+ 24. Kh2 Qh7 25. Rae1 Nf6 26. Bxf6 Bxf6 27. Qd3 Qh6 28. Re2 Bd4
29. exf5 Bxf5 30. Rxe8+ Rxe8 31. Qxa6 Be3 32. Nde4 Bxf4+ 33. Kg1 Be3+ 34. Kh2
Bxe4 35. Nxe4 Bf4+ 36. Kg1 Be3+ 37. Kh1 Rxe4 38. Qxb6 Rf4 39. Qxd6 Rxf1+ 40.
Bxf1 Qg5 41. Bg2 Bd4 42. Qe6+ Kg7 43. Qe2 Qf4 44. Qe7+ Kh6 45. h4 Be5 46. Qg5+
Qxg5 47. hxg5+ Kxg5 48. b3 Kf4 49. Kg1 Kg3 50. Kf1 g5 51. Be4 g4 52. Bc2 Bc7 53.
Bd3 Bd6 54. Bc2 Be5 55. Bd3 Kf3 56. Be2+ Kg3 57. Bd3 Kh2 58. Be4 Bc7 59. Bf5 Kg3
60. Bc2 Be5 61. Bd3 Kf4 62. Kg2 Ke3 63. Bf5 g3 64. d6 Bxd6 65. Be6 Kd4 1/2-1/2

[Event "Washington International 2012"]
[Site "Rockville USA"]
[Date "2012.07.29"]
[Round "3"]
[White "Liang,Awonder"]
[Black "Kaufman,La"]
[Result "1-0"]
[WhiteTitle "FM"]
[BlackTitle "GM"]
[WhiteElo "1922"]
[BlackElo "2382"]
[WhiteFideId "2056437"]
[BlackFideId "2000555"]
[EventDate "2012.07.28"]

1. e4 e5 2. Nf3 Nc6 3. d4 exd4 4. Nxd4 Nf6 5. Nxc6 bxc6 6. e5 Qe7 7. Qe2 Nd5 8.
c4 Nb6 9. Nd2 a5 10. Qe4 g6 11. Bd3 Bg7 12. Nf3 Qb4+ 13. Nd2 O-O 14. O-O Re8 15.
Nf3 d5 16. Qh4 Nxc4 17. Bxc4 Qxc4 18. Bf4 Bd7 19. Rac1 Qb4 20. a3 Qf8 21. Rfe1
c5 22. Bg5 Rab8 23. Bf6 c4 24. Qd4 Be6 25. Qa7 c5 26. Rc2 Ra8 27. Qc7 Rec8 28.
Qb6 Bxf6 29. exf6 Qd8 30. Rxe6 fxe6 31. Qxe6+ Kf8 32. Ng5 Ra7 33. Re2 Qd7 34.
Nxh7+ Qxh7 35. Qxc8+ Kf7 36. Re7+ Rxe7 37. fxe7 1-0

[Event "Washington International 2012"]
[Site "Rockville USA"]
[Date "2012.07.29"]
[Round "3"]
[White "Ryba,Andrew"]
[Black "Rosen,E"]
[Result "1/2-1/2"]
[BlackTitle "FM"]
[WhiteElo "2162"]
[BlackElo "2328"]
[WhiteFideId "2034603"]
[BlackFideId "2032562"]
[EventDate "2012.07.28"]

1. d4 d5 2. c4 e6 3. Nc3 Nf6 4. cxd5 exd5 5. Bg5 c6 6. e3 h6 7. Bh4 Bf5 8. Bd3
Bxd3 9. Qxd3 Be7 10. Nf3 Nbd7 11. a3 O-O 12. O-O a5 13. Nd2 Re8 14. f3 a4 15.
Bf2 c5 16. Rac1 Ra5 17. e4 cxd4 18. Bxd4 dxe4 19. Ndxe4 Nxe4 20. Nxe4 Nc5 21.
Nxc5 Rxc5 22. Rcd1 Rd5 23. Qc3 Bc5 24. Qxc5 Rxc5 25. Bxc5 Qg5 26. Bd4 Re2 27.
Rf2 Re6 28. Bc3 h5 29. h3 Qc5 30. Kf1 Qf5 31. Re2 Qb5 32. Rd2 Kh7 33. Ke1 Rxe2+
34. Rxe2 Kg6 35. Re5 Qd7 36. Ke2 f6 37. Re4 b5 38. Rd4 Qe6+ 39. Re4 Qb3 40. Kf2
Qc2+ 41. Re2 Qd3 42. Re3 Qd5 43. Re4 Kf7 44. Kf1 g5 45. Kf2 Kg6 46. Rd4 Qc5 47.
Kf1 Kf7 48. Re4 Qc6 49. Kf2 f5 50. Rd4 Ke6 51. Kf1 Qb6 52. Ke2 Qc7 53. Kf2 Qc5
54. Kf1 Qc8 55. Kf2 Qb8 56. Kf1 Qg3 57. Rb4 g4 58. Be1 Qd6 59. hxg4 hxg4 60.
fxg4 Qd3+ 61. Kf2 fxg4 62. Rxg4 Qf5+ 63. Kg3 Qe5+ 64. Kf3 Kf5 65. Bc3 Qd5+ 66.
Kg3 Qd6+ 67. Kh3 Qd1 68. Rd4 Qf1 69. Kg3 1/2-1/2

[Event "Washington International 2012"]
[Site "Rockville USA"]
[Date "2012.07.29"]
[Round "3"]
[White "Thompson,I"]
[Black "Leve,Nitai D"]
[Result "0-1"]
[WhiteTitle "FM"]
[WhiteElo "2243"]
[BlackElo "2134"]
[WhiteFideId "405205"]
[BlackFideId "2006898"]
[EventDate "2012.07.28"]

1. c4 e6 2. Nc3 d5 3. d4 c6 4. e3 f5 5. Nf3 Nf6 6. Bd3 a6 7. O-O Bd6 8. Qc2 O-O
9. cxd5 cxd5 10. Ne5 Nc6 11. Nxc6 bxc6 12. g3 c5 13. dxc5 Bxc5 14. Rd1 Bb7 15.
Bf1 Rc8 16. Qb3 Qe7 17. Bg2 Ng4 18. Ne2 Rc6 19. Bd2 Rb6 20. Qc2 Rc8 21. Bc3 Qg5
22. Qd3 a5 23. Nd4 Ba6 24. Qd2 a4 25. Rac1 Bc4 26. Ba5 Rbb8 27. h3 Bxd4 28. Qxd4
Nf6 29. Bf1 Bxf1 30. Kxf1 Ne4 31. Kg2 Qh5 32. Bc3 Rxc3 33. Rxc3 Qe2 34. Rf1 Nxc3
35. Qxc3 Qxb2 36. Qc6 Qxa2 37. Qxe6+ Kh8 38. Rc1 h6 39. Qxf5 Qb2 40. Rc2 Qb7 41.
Qe5 Rc8 42. Rb2 Qc6 43. Qd4 Kg8 44. Rb6 Qd7 45. Ra6 Rc4 46. Ra8+ Kh7 47. Qd3+ g6
48. Ra5 Rc7 49. Rxd5 Qf7 50. Rd4 Ra7 51. Qa3 Qb7+ 52. Kh2 Qa8 53. h4 Rf7 54. Qa2
Kg7 55. Kg1 a3 56. Rd2 Ra7 57. Rd6 Qf8 58. Qa1+ Kh7 59. Rd2 Qb4 60. Qa2 0-1

[Event "Washington International 2012"]
[Site "Rockville USA"]
[Date "2012.07.29"]
[Round "3"]
[White "Ryba,N"]
[Black "Zimmer,Ra"]
[Result "0-1"]
[BlackTitle "FM"]
[WhiteElo "2097"]
[BlackElo "2202"]
[WhiteFideId "2034611"]
[BlackFideId "2001217"]
[EventDate "2012.07.28"]

1. e4 c5 2. Nf3 e6 3. c3 d5 4. exd5 Qxd5 5. d4 Nf6 6. Be3 cxd4 7. cxd4 Bb4+ 8.
Nc3 Qa5 9. Qc2 Nbd7 10. Bd3 b6 11. O-O Ba6 12. a3 Bxc3 13. bxc3 Bxd3 14. Qxd3
Rc8 15. Bd2 Qa4 16. Rab1 O-O 17. Rfc1 Qc4 18. Qc2 Nd5 19. a4 Rc7 20. Ra1 Rfc8
21. Qb2 Qa6 22. Ra3 Rc4 23. h3 Qb7 24. a5 Qc7 25. axb6 axb6 26. Qa2 h6 27. Ra7
Qc6 28. Qb3 Qd6 29. Ra4 Qc6 30. Ra7 Rc7 31. Ra3 f6 32. Qb1 Kf7 33. Qc2 Nf8 34.
Qd3 Ng6 35. g3 Nge7 36. Nh4 b5 37. Qh7 b4 38. Rb3 Nxc3 39. Rbxc3 Rxc3 40. Bxc3
bxc3 41. Rc2 f5 42. Ng2 Qe4 43. Ne3 Qxd4 44. g4 Qe4 45. h4 Rb7 0-1

[Event "Washington International 2012"]
[Site "Rockville USA"]
[Date "2012.07.29"]
[Round "4.2"]
[White "Herman,Ma"]
[Black "Kamsky,G"]
[Result "0-1"]
[BlackTitle "GM"]
[WhiteElo "2394"]
[BlackElo "2744"]
[WhiteFideId "2028964"]
[BlackFideId "2000024"]
[EventDate "2012.07.28"]

1. e4 e5 2. Nf3 Nc6 3. Bc4 Bc5 4. c3 Nf6 5. d3 a6 6. Bg5 h6 7. Bh4 d6 8. Bb3 Ba7
9. Nbd2 g5 10. Bg3 Nh5 11. Nxe5 Nxg3 12. Bxf7+ Ke7 13. Ng6+ Kxf7 14. Nxh8+ Qxh8
15. hxg3 Qf6 16. Qe2 Kg7 17. Nc4 Bd7 18. Ne3 Rf8 19. Rf1 Ne7 20. O-O-O Qe6 21.
Kb1 d5 22. f3 Bb5 23. Qd2 Rd8 24. f4 dxe4 25. f5 Bxe3 26. fxe6 Bxd2 27. c4 e3
28. Rxd2 exd2 29. cxb5 Rxd3 30. Kc2 d1=Q+ 31. Rxd1 Rxd1 0-1

[Event "Washington International 2012"]
[Site "Rockville USA"]
[Date "2012.07.29"]
[Round "4"]
[White "Foisor,O"]
[Black "Azarov,S"]
[Result "1/2-1/2"]
[WhiteTitle "IM"]
[BlackTitle "GM"]
[WhiteElo "2381"]
[BlackElo "2658"]
[WhiteFideId "1200143"]
[BlackFideId "13501470"]
[EventDate "2012.07.28"]

1. c4 e6 2. Nf3 Nf6 3. g3 d5 4. Bg2 Be7 5. O-O O-O 6. b3 d4 7. Bb2 Nc6 8. Na3 e5
9. Nc2 Re8 10. d3 Bc5 11. a3 a5 12. e3 dxe3 13. fxe3 Ng4 14. d4 exd4 15. exd4
Bf5 16. Nfe1 Nxd4 17. Bxd4 Rxe1 18. Qxe1 Bxd4+ 19. Nxd4 Qxd4+ 20. Kh1 Ne3 21.
Qf2 c5 22. Bxb7 Re8 23. Rae1 Bg6 24. Re2 Qd7 25. Rxe3 Qxb7+ 26. Kg1 Rd8 27. Qf3
Qb8 28. Rd1 Rf8 29. Rd7 Qb6 30. Qd5 a4 31. bxa4 h6 32. Rb7 Qf6 33. Qe5 Qd8 34.
Qd5 Qf6 35. Qe5 Qd8 36. Qd5 1/2-1/2

[Event "Washington International 2012"]
[Site "Rockville USA"]
[Date "2012.07.29"]
[Round "4"]
[White "Defibaugh,J"]
[Black "Hess,Peter"]
[Result "1-0"]
[WhiteElo "2263"]
[BlackElo "1921"]
[WhiteFideId "2005603"]
[BlackFideId "2055066"]
[EventDate "2012.07.28"]

1. e4 c5 2. Nf3 g6 3. d4 cxd4 4. Qxd4 Nf6 5. e5 Nc6 6. Qa4 Nd5 7. Qe4 Nc7 8. Nc3
Bg7 9. h4 d5 10. exd6 Qxd6 11. Bc4 Bf5 12. Qe2 O-O 13. Ne4 Bxe4 14. Qxe4 Qb4+
15. Nd2 Rad8 16. h5 Rd4 17. Qe2 Rxd2 18. Bxd2 Qxb2 19. Rd1 Qxc2 20. hxg6 hxg6
21. O-O Nd4 22. Qd3 Qxd3 23. Bxd3 Rd8 24. Be3 e5 25. Bc4 b5 26. Bxd4 exd4 27.
Bb3 a5 28. Rc1 Nd5 29. Rc5 Nc3 30. Rc7 Rf8 31. a3 a4 32. Bc2 Rd8 33. Bd3 Bf8 34.
Ra1 Rd5 35. Rb7 Kg7 36. g3 Re5 37. Kg2 Re7 38. Rb8 Re5 39. Kf3 g5 40. Kg4 Be7
41. Rb7 Ne4 42. Bxe4 Rxe4+ 43. Kf3 Re5 44. Rb1 Bxa3 45. R7xb5 Rxb5 46. Rxb5 Be7
47. Ra5 a3 48. Ke4 f5+ 49. Rxf5 Bb4 50. Rxg5+ Kf7 51. Rb5 Bc3 52. Rb7+ Kg6 53.
Ra7 Bb2 54. f3 Kg5 55. Ra5+ Kf6 56. f4 Kg6 57. g4 Kh6 58. Ra6+ Kg7 59. f5 1-0

[Event "Washington International 2012"]
[Site "Rockville USA"]
[Date "2012.07.29"]
[Round "4"]
[White "Foisor,M"]
[Black "Zenyuk,I"]
[Result "1-0"]
[WhiteTitle "WIM"]
[BlackTitle "CM"]
[WhiteElo "2220"]
[BlackElo "2242"]
[WhiteFideId "2270757"]
[BlackFideId "2022966"]
[EventDate "2012.07.28"]

1. d4 Nf6 2. c4 g6 3. Nc3 Bg7 4. Nf3 O-O 5. Bg5 d6 6. e3 b6 7. Be2 Bb7 8. Qc2
Nbd7 9. Rd1 a6 10. O-O c5 11. d5 Ne8 12. e4 b5 13. cxb5 axb5 14. Bxb5 Nc7 15.
Be2 Ba6 16. Rfe1 Re8 17. Bf4 Qb8 18. Bxa6 Nxa6 19. a3 c4 20. Na4 Ndc5 21. Nxc5
Nxc5 22. Qxc4 Qxb2 23. e5 Ra4 24. Qc1 Qxc1 25. Bxc1 dxe5 26. Nxe5 Ne4 27. Nc6
Bf6 28. f3 Nd6 29. Rd3 Kg7 30. Bd2 Raa8 31. Bb4 h5 32. a4 Kf8 33. a5 Nc4 34. Re4
Nd6 35. Bxd6 exd6 36. Ra3 Ra6 37. Nb4 Rxe4 38. fxe4 Bd4+ 39. Kf1 Ra8 40. Nc6 Bc5
41. Rb3 Ke8 42. Ke2 1-0

[Event "Washington International 2012"]
[Site "Rockville USA"]
[Date "2012.07.29"]
[Round "4"]
[White "Leve,Nitai D"]
[Black "Ippolito,D"]
[Result "0-1"]
[BlackTitle "IM"]
[WhiteElo "2134"]
[BlackElo "2429"]
[WhiteFideId "2006898"]
[BlackFideId "2009870"]
[EventDate "2012.07.28"]

1. e4 e5 2. Nf3 Nf6 3. d4 Nxe4 4. Nxe5 d6 5. Nf3 d5 6. Bd3 Bd6 7. O-O O-O 8. c4
c6 9. cxd5 cxd5 10. Nc3 Nxc3 11. bxc3 Bg4 12. h3 Bh5 13. Re1 Nd7 14. Rb1 Nb6 15.
Qc2 Bxf3 16. gxf3 g6 17. Kg2 Rc8 18. Bh6 Re8 19. Rxe8+ Qxe8 20. h4 Qc6 21. Rc1
Ba3 22. Re1 Bf8 23. Bxf8 Kxf8 24. Rc1 Qf6 25. Rh1 h5 26. Qb3 Qe7 27. f4 Qc7 28.
Qa3+ Kg7 29. Rh3 Qxf4 30. Qxa7 Qc7 31. Qa5 Ra8 32. Qb4 Rxa2 33. Re3 Qf4 34. Rf3
Qg4+ 35. Rg3 Qe6 36. Re3 Qxe3 0-1